00872nam a22003257a 450000500170000000800410001702000180005804100080007608200180008410000370010224500440013926000130018326000110019626000090020730000180021649000290023465000190026365000290028265000140031165000220032565000210034765000210036865000170038965000270040665000260043365000260045994200120048599900150049795200340051220251105151922.0171030b2009 xxu||||| |||| 00| 0 spa d a9788415442769 aESP a363.254 B456a aBenavides Flores, Juan A.944469 aEl arte del interrogatorio científico aMéxico bUbijus c2009 a436 páginas aInvestigación Criminal aINTERROGATORIO aINVESTIGACIÓN CRIMINAL aPOLIGRAFO aLENGUAJE CORPORAL aMETODOS DE CAMPO aHIPNOSIS FORENSE aNARCOTRAFICO aSALA DE INTERROGATORIO aENTREVISTA A VICTIMAS aENTREVISTA A TESTIGOS cBK2ddc c9935d9935 o363.254 B456ap17410xICyBK